Дело о школьной сети Тарского уезда Тобольской губернии Западно-Сибирского учебного округа. Составлена в 1913 году. Сведения при...

Доступно только в Электронных читальных залах Найти на картеНа карте
RUSMARC
00003687nmc2a22002413x 450
0015d3a968e-cc2e-4876-8e3f-4f57cd47a4ac
00520210803035614.0
100##$a20210211l19061919k l0rusy0189 ca
1010#$arus
102##$aRU
105##$ay###
1222#$ad
2001#$aДело о школьной сети Тарского уезда Тобольской губернии Западно-Сибирского учебного округа. Составлена в 1913 году. Сведения приурочены к 1914 году
$jбез даты
215##$a37 л.
$d46х38 см
251##$cДело
300##$aДело
371##$aДокумент не является опубликованным и широко распространяемым
461#0$1001a74412a3-3cc5-4d21-8f0a-dfe2fbd9e72d
$12001
$aДепартамент народного просвещения Министерства народного просвещения
$1251
$cФонд
$1852
$j733
462#0$100173c1669c-51d1-410e-a12d-e121acdd6a9e
$12001
$aДела о школьных сетях и финансовые планы
$1251
$cОпись
$1852
$j187
801#0$aRU
$bРГИА
$c20210211
$gRCR
801#1$aRU
$bГлавНИВЦ
$c20210211
$2rusmarc
801#2$aRU
$bПБ им. Б.Н. Ельцина
$c20210803
$gRCR
$2rusmarc
850##$aРГИА
852##$aРГИА
$eФедеральное казенное учреждение "Российский государственный исторический архив" (РГИА)
$j1170
937##$hРГИА
$d12357273
$aASBIBLIO_SCAN
035##$aRusGRCC00023777
856##$uhttp://readingroom.main.prlib.ru/item.aspx?id_node=n166892463&mode=full
Формат отображения